Análisis estructural

Bibliographic Details
Main Author: Argueda, Patricia
Format: Section = Libro
Language:Undetermined
Spanish
Published: Costa Rica Escuela Universitaria de Ingeniería Técnica de Telecomunicación 2000
Subjects:
LEADER 00546nam a2200193Ia 4500
008 240830s9999 xx 000 0 und d
020 |a 9977-64-973-1 
040 |a B-ESTELÍ- RUACS / 624.171 H624 
041 |a spa 
082 |a 624.171 H624 
100 1 |a Argueda, Patricia 
245 1 0 |a Análisis estructural 
260 |a Costa Rica  |b Escuela Universitaria de Ingeniería Técnica de Telecomunicación  |c 2000 
300 |a 116 p. 
650 7 |a CONTROL DE CALIDAD 
650 7 |b  ANIMALES DE GRANJA 
942 |c BK  |2 ddc 
991 |a TEXTO 
999 |c 11262